Central Library OPAC University of Rajshahi

The dollar in crisis / (Record no. 4163)

MARC details
000 -LEADER
fixed length control field 00655cam a22002171 4500
001 - CONTROL NUMBER
control field 4163
003 - CONTROL NUMBER IDENTIFIER
rucl marc code BD-RjUL
005 - DATE AND TIME OF LATEST TRANSACTION
control field 20211208233838.0
008 - FIXED-LENGTH DATA ELEMENTS--GENERAL INFORMATION
fixed length control field 131222s1961 nyu 000 0 eng
035 ## - SYSTEM CONTROL NUMBER
System control number (BD-RjUL) 4197
040 ## - CATALOGING SOURCE
Original cataloging agency DLC
Transcribing agency OWoC
Modifying agency OCoLC
-- DLC
-- BD-RjUL
Language of cataloging eng
041 ## - LANGUAGE CODE
Language code of text/sound track or separate title eng
082 ## - DEWEY DECIMAL CLASSIFICATION NUMBER
Classification number 332.15
Author mark and year HAD 1961
Edition number 23
245 04 - TITLE STATEMENT
Title The dollar in crisis /
Statement of responsibility, etc. Seymour E. Harris
260 ## - PUBLICATION, DISTRIBUTION, ETC. (IMPRINT)
Place of publication, distribution, etc. New York :
Name of publisher, distributor, etc. Harcourt, Brace & World,
Date of publication, distribution, etc. c1961
300 ## - PHYSICAL DESCRIPTION
Pagination x, 309 p. :
Illustrations ill. ;
Size 22 cm.
650 #0 - SUBJECT ADDED ENTRY--TOPICAL TERM
Topical term or geographic name as entry element Currency question
Geographic subdivision United States.
9 (RLIN) 10098
Topical term or geographic name as entry element Balance of payments
Geographic subdivision United States.
9 (RLIN) 11756
700 ## - ADDED ENTRY--PERSONAL NAME
Personal name Harris, Seymour E.
942 ## - ADDED ENTRY ELEMENTS (KOHA)
Source of classification or shelving scheme Dewey Decimal Classification
Koha item type Books
Holdings
Lost status Source of classification or shelving scheme Damaged status Not for loan Collection code Permanent Location Current Location Shelving location Date acquired Source of acquisition Cost, normal purchase price Total Checkouts Full call number Date last seen Copy number Koha item type
  Dewey Decimal Classification     Non-fiction Central Library, University of Rajshahi Central Library, University of Rajshahi   03/06/1964 Zeitlinger 32.00   332.15 DOL 1961 22/12/2013 C-3 Books
  Dewey Decimal Classification     Non-fiction Central Library, University of Rajshahi Central Library, University of Rajshahi   25/03/1965 Sweets and Zeitlinger. 40.00   332.15 DOL 1961 22/12/2013 C-4 Books
  Dewey Decimal Classification     Non-fiction Central Library, University of Rajshahi Central Library, University of Rajshahi   25/03/1965 Swits & Zeitlinger 40.00   332.15 DOL 1961 25/06/2016 C-2 Books
  Dewey Decimal Classification     Non-fiction Central Library, University of Rajshahi Central Library, University of Rajshahi   25/03/1965 Swits & Zeitlinger 40.00   332.15 DOL 1961 25/06/2016 C-5 Books
  Dewey Decimal Classification     Non-fiction Central Library, University of Rajshahi Central Library, University of Rajshahi   16/11/1965 Zeitlinger 34.00   332.15 DOL 1961 25/06/2016 C-6 Books
  Dewey Decimal Classification     Non-fiction Central Library, University of Rajshahi Central Library, University of Rajshahi   16/11/1965 Zeitlinger 34.00   332.15 DOL 1961 25/06/2016 C-7 Books
  Dewey Decimal Classification     Non-fiction Central Library, University of Rajshahi Central Library, University of Rajshahi   16/11/1965 Zeitlinger 34.00   332.15 DOL 1961 25/06/2016 C-8 Books
  Dewey Decimal Classification     Non-fiction Central Library, University of Rajshahi Central Library, University of Rajshahi   03/06/1964 Zeitlinger 32.00   332.15 DOL 1961 25/06/2016 C-9 Books
  Dewey Decimal Classification     Non-fiction Central Library, University of Rajshahi Central Library, University of Rajshahi   03/06/1964 Zeitlinger 32.00   332.15 DOL 1961 25/06/2016 C-10 Books